[Event "Genova Province-ch"]
[Site "Genova"]
[Date "2015.02.19"]
[Round "6"]
[White "Cristiani, Emanuele"]
[Black "Milieni, Fabrizio"]
[Result "1-0"]
[WhiteElo "1401"]
[BlackElo "1654"]
[PlyCount "55"]
[EventDate "2015.01.15"]
[EventType "swiss"]
[EventRounds "6"]
[EventCountry "ITA"]
[SourceTitle "EXT 2017"]
[Source "ChessBase"]
[SourceDate "2016.10.25"]
[SourceVersion "1"]
[SourceVersionDate "2016.10.25"]
[SourceQuality "1"]

1. e4 c5 2. Nf3 Nc6 3. Bb5 Nf6 4. d3 Nd4 5. Nxd4 cxd4 6. c3 dxc3 7. Nxc3 e5 8. 0-0 Be7 9. Bg5 0-0 10. Rc1 d6 11. Bxf6 gxf6 12. Nd5 Be6 13. Ne3 Kh8 14. f4 Qb6 15. Qe1 exf4 16. Rxf4 Qxb5 17. Nf5 Qd7 18. Qh4 Rg8 19. Rcf1 Rg6 20. R1f3 Rc8 21. Rh3 Rxg2+ 22. Kxg2 Bxf5 23. Rxf5 Rg8+ 24. Kf3 Rg7 25. Rh5 Kg8 26. Rxh7 Kf8 27. Rh8+ Rg8 28. Rxg8+ 1-0